000 00710nam a2200217Ia 4500
003 GCL
008 140319s9999 xx 000 0 ara d
040 _aGCL /
_cGCL
082 0 4 _aم
_b608
_bخ م
100 1 _aخالدة سعيد
245 1 0 _aالموسوعة العلمية المبسطة /
_cخالدة سعيد
700 1 _aمنيف موسى
260 _a[S.N] :
_bدار العودة
650 0 4 _aالعلوم - موسوعة
650 0 4 _aجسم الانسان - موسوعة
650 0 4 _aالتاريخ الطبيعى - موسوعة
650 0 4 _aالفنون - موسوعات
650 0 4 _aالكون - موسوعة
650 0 4 _aعلم الحيوان - موسوعة
942 _2ddc
_cREF
999 _c59312
_d59312